000 00608nam a22002177a 4500
005 20260506154845.0
008 260506b |||||||| |||| 00| 0 eng d
020 _a9781869460644
_qpbk
041 _aeng
082 _a341 FAB.2
100 _aFabri, Helene Ruiz
245 _aSelect Proceedings of the European Society of International Law
_c/Helene Ruiz Fabri;
260 _aUK
_bHart Publishing Ltd
_c2010
300 _axii, 753p. :
_c27cm.
490 _vvol. 2 2008
504 _aBiblio
650 _aLaw of nations
700 _aWolfrum, Rudiger
700 _aGogolin, Jana
942 _cENGLISH
999 _c622675
_d622675